पत्र - संवाद: (Record no. 1467569)

MARC details
000 -LEADER
fixed length control field 00925 a2200217 4500
005 - DATE AND TIME OF LATEST TRANSACTION
control field 20260401114838.0
008 - FIXED-LENGTH DATA ELEMENTS--GENERAL INFORMATION
fixed length control field 260401b |||||||| |||| 00| 0 eng d
020 ## - INTERNATIONAL STANDARD BOOK NUMBER
International Standard Book Number 9789383233205 (hbk)
037 ## - SOURCE OF ACQUISITION
Terms of availability TB
040 ## - CATALOGING SOURCE
Original cataloging agency CRL
Transcribing agency CRL
041 ## - LANGUAGE CODE
Source of code hin
Language code of text/sound track or separate title hin
084 ## - COLON CLASSIFICATION NUMBER
Classification number O152,4N11x Q3
Assigning agency CRL
245 ## - TITLE STATEMENT
Title पत्र - संवाद:
Remainder of title अज्ञेय और नंदकिशोर आचार्य
260 ## - PUBLICATION, DISTRIBUTION, ETC.
Name of publisher, distributor, etc. किताबघर प्रकाशन,
Date of publication, distribution, etc. 2013.
Place of publication, distribution, etc. नयी दिल्ली, भारत:
300 ## - PHYSICAL DESCRIPTION
Extent 104पृ.
365 ## - TRADE PRICE
Price amount 175.00
Currency code INR
650 ## - SUBJECT ADDED ENTRY--TOPICAL TERM
Topical term or geographic name entry element पत्र
9 (RLIN) 1232426
700 ## - ADDED ENTRY--PERSONAL NAME
Personal name पालीवाल, कृष्णदत्त
Relator term सम्पादक
942 ## - ADDED ENTRY ELEMENTS (KOHA)
Koha item type Textbook
Source of classification or shelving scheme Colon Classification (CC)
Classification part O152,4N11x Q3
Holdings
Withdrawn status Lost status Source of classification or shelving scheme Damaged status Not for loan Home library Current library Date acquired Source of acquisition Cost, normal purchase price Inventory number Total Checkouts Full call number Barcode Date last seen Cost, replacement price Price effective from Koha item type
    Colon Classification (CC)     Central Library Central Library 2026-01-16 25/ ईस्टर्न बुक लिंकर्स 140.00 77 & 2026-01-14   O152,4N11x Q3 CL1925427 2026-01-16 175.00 2026-01-16 Textbook
Copyright @ Delhi University Library System